[Event "Bundesliga 9900"]
[Site "Deutschland"]
[Date "2000.03.12"]
[Round "12.5"]
[White "Heinemann, Thies"]
[Black "Uhlmann, Wolfgang"]
[Result "1/2-1/2"]
[WhiteElo "2479"]
[BlackElo "2482"]
[PlyCount "68"]
[EventDate "1999.10.09"]
[EventType "team"]
[EventRounds "15"]
[EventCountry "GER"]
[SourceTitle "Bundesliga 9900"]
[Source "DeepChess"]
[SourceDate "2005.01.01"]
[SourceVersion "1"]
[SourceVersionDate "2005.01.01"]
[SourceQuality "1"]
[WhiteTeam "Hamburger SK 1830 e.V."]
[BlackTeam "Dresdner SC 1898"]
[WhiteTeamCountry "GER"]
[BlackTeamCountry "GER"]

1. e4 e6 2. d4 d5 3. Nd2 c5 4. exd5 exd5 5. Bb5+ Nc6 6. Ngf3 Bd6 7. dxc5 Bxc5
8. Nb3 Bd6 9. O-O Nge7 10. Bg5 O-O 11. Bh4 Bg4 12. Be2 Re8 13. Nfd4 Bxe2 14.
Nxe2 Be5 15. c3 Qb6 16. Bg3 Nf5 17. Rc1 a5 18. Bxe5 Rxe5 19. Rc2 Rae8 20. g3 g6
21. Nbd4 Nfxd4 22. Nxd4 Re4 23. Nf3 d4 24. Nxd4 Nxd4 25. cxd4 Rxd4 26. Qf3 Rde4
27. b3 h5 28. Rc8 Qe6 29. Rxe8+ Qxe8 30. h4 Qc6 31. Kg2 Re2 32. Qxc6 bxc6 33.
Rc1 Rxa2 34. Rxc6 Rb2 1/2-1/2

[Event "Bundesliga 9900"]
[Site "Deutschland"]
[Date "2000.03.12"]
[Round "12.6"]
[White "Gauglitz, Gernot"]
[Black "Hansen, Sune Berg"]
[Result "1/2-1/2"]
[WhiteElo "2390"]
[BlackElo "2551"]
[PlyCount "71"]
[EventDate "1999.10.09"]
[EventType "team"]
[EventRounds "15"]
[EventCountry "GER"]
[SourceTitle "Bundesliga 9900"]
[Source "DeepChess"]
[SourceDate "2005.01.01"]
[SourceVersion "1"]
[SourceVersionDate "2005.01.01"]
[SourceQuality "1"]
[WhiteTeam "Dresdner SC 1898"]
[BlackTeam "Hamburger SK 1830 e.V."]
[WhiteTeamCountry "GER"]
[BlackTeamCountry "GER"]

1. d4 Nf6 2. Nf3 e6 3. c4 b6 4. g3 Ba6 5. b3 Bb7 6. Bg2 Bb4+ 7. Bd2 a5 8. O-O
O-O 9. a3 Be7 10. Nc3 d5 11. Ne5 Na6 12. Qc2 c5 13. e3 Qc8 14. Na4 Qc7 15. Rfc1
Bd6 16. Nf3 Ne4 17. Be1 Rab8 18. Qe2 Ra8 19. cxd5 Bxd5 20. dxc5 bxc5 21. Nc3
Nxc3 22. Bxc3 Qb7 23. Bxa5 Qxb3 24. e4 Bc6 25. Nd2 Qa4 26. Bc3 Rfb8 27. Qg4 Bf8
28. Be5 Rb7 29. Bf1 Nb8 30. Rxc5 f5 31. Qg5 Bxc5 32. Bc4 Na6 33. Bxe6+ Kh8 34.
Bxf5 Rf7 35. Qh6 Kg8 36. Qxh7+ 1/2-1/2

[Event "Bundesliga 9900"]
[Site "Deutschland"]
[Date "2000.03.12"]
[Round "12.7"]
[White "Wilhelmi, Christian"]
[Black "Heinatz, Thomas"]
[Result "0-1"]
[WhiteElo "2423"]
[BlackElo "2338"]
[PlyCount "50"]
[EventDate "1999.10.09"]
[EventType "team"]
[EventRounds "15"]
[EventCountry "GER"]
[SourceTitle "Bundesliga 9900"]
[Source "DeepChess"]
[SourceDate "2005.01.01"]
[SourceVersion "1"]
[SourceVersionDate "2005.01.01"]
[SourceQuality "1"]
[WhiteTeam "Hamburger SK 1830 e.V."]
[BlackTeam "Dresdner SC 1898"]
[WhiteTeamCountry "GER"]
[BlackTeamCountry "GER"]

1. d4 d6 2. Nf3 Nf6 3. Nc3 Bf5 4. Bg5 Nbd7 5. Nh4 Bg6 6. Nxg6 hxg6 7. d5 Nc5 8.
e4 e5 9. dxe6 Nxe6 10. Be3 c6 11. f4 Qa5 12. Bd3 d5 13. Bd2 dxe4 14. Nxe4 Qb6
15. Ng5 Rxh2 16. Rf1 O-O-O 17. Nxf7 Re8 18. Ne5 g5 19. Bf5 Rxg2 20. Qf3 Qxb2
21. Qxg2 Qxa1+ 22. Kf2 Qxa2 23. Qxg5 Ne4+ 24. Bxe4 Nxg5 25. Bf5+ Kc7 0-1

[Event "Bundesliga 9900"]
[Site "Deutschland"]
[Date "2000.03.12"]
[Round "12.8"]
[White "Andresen, Steffen"]
[Black "Reeh, Oliver"]
[Result "1/2-1/2"]
[WhiteElo "2299"]
[BlackElo "2399"]
[PlyCount "89"]
[EventDate "1999.10.09"]
[EventType "team"]
[EventRounds "15"]
[EventCountry "GER"]
[SourceTitle "Bundesliga 9900"]
[Source "DeepChess"]
[SourceDate "2005.01.01"]
[SourceVersion "1"]
[SourceVersionDate "2005.01.01"]
[SourceQuality "1"]
[WhiteTeam "Dresdner SC 1898"]
[BlackTeam "Hamburger SK 1830 e.V."]
[WhiteTeamCountry "GER"]
[BlackTeamCountry "GER"]

1. c4 c5 2. Nf3 g6 3. g3 Bg7 4. Bg2 Nc6 5. O-O b6 6. Nc3 Bb7 7. e3 Nf6 8. d4
O-O 9. d5 Na5 10. Qe2 Ba6 11. Nd2 Ne8 12. a4 Bxc3 13. bxc3 Nd6 14. Re1 Ndxc4
15. Rb1 Nxd2 16. Qxd2 d6 17. e4 e5 18. dxe6 fxe6 19. f4 Qe7 20. h4 Rad8 21. Qd1
Qg7 22. Be3 Bc4 23. Qg4 Nc6 24. Rbd1 Ne7 25. Bf1 h5 26. Qh3 Bxf1 27. Qxe6+ Qf7
28. Qxf7+ Kxf7 29. Rxf1 d5 30. exd5 Nxd5 31. Bd2 Ne7 32. Be3 Rfe8 33. Bf2 Nd5
34. Rd3 c4 35. Rd4 Nxc3 36. Rxc4 Rc8 37. Rxc8 Rxc8 38. a5 bxa5 39. Ra1 a4 40.
Be1 Nb5 41. Rxa4 Rc6 42. Kf2 a6 43. Kf3 Rd6 44. Bf2 Rd3+ 45. Ke4 1/2-1/2

[Event "Bundesliga 9900"]
[Site "Deutschland"]
[Date "2000.03.12"]
[Round "12.1"]
[White "Schlosser, Philipp"]
[Black "Dautov, Rustem"]
[Result "1/2-1/2"]
[WhiteElo "2505"]
[BlackElo "2602"]
[PlyCount "45"]
[EventDate "1999.10.09"]
[EventType "team"]
[EventRounds "15"]
[EventCountry "GER"]
[SourceTitle "Bundesliga 9900"]
[Source "DeepChess"]
[SourceDate "2005.01.01"]
[SourceVersion "1"]
[SourceVersionDate "2005.01.01"]
[SourceQuality "1"]
[WhiteTeam "SK Passau 1869"]
[BlackTeam "Godesberger SK 1929"]
[WhiteTeamCountry "GER"]
[BlackTeamCountry "GER"]

1. Nf3 Nf6 2. c4 e6 3. g3 d5 4. Bg2 dxc4 5. Qa4+ c6 6. Qxc4 b5 7. Qc2 Bb7 8.
O-O Nbd7 9. a4 a6 10. Nc3 Be7 11. d4 O-O 12. Bg5 Rc8 13. Rfd1 b4 14. Bxf6 Nxf6
15. Ne4 Nxe4 16. Qxe4 Rc7 17. Qf4 Qc8 18. Ne5 c5 19. dxc5 Bxg2 20. Kxg2 Bxc5
21. Rac1 Bd6 22. Rb1 Bxe5 23. Qxe5 1/2-1/2

[Event "Bundesliga 9900"]
[Site "Deutschland"]
[Date "2000.03.12"]
[Round "12.2"]
[White "Gurevich, Mikhail"]
[Black "Ribli, Zoltan"]
[Result "1/2-1/2"]
[WhiteElo "2694"]
[BlackElo "2569"]
[PlyCount "66"]
[EventDate "1999.10.09"]
[EventType "team"]
[EventRounds "15"]
[EventCountry "GER"]
[SourceTitle "Bundesliga 9900"]
[Source "DeepChess"]
[SourceDate "2005.01.01"]
[SourceVersion "1"]
[SourceVersionDate "2005.01.01"]
[SourceQuality "1"]
[WhiteTeam "Godesberger SK 1929"]
[BlackTeam "SK Passau 1869"]
[WhiteTeamCountry "GER"]
[BlackTeamCountry "GER"]

1. d4 d5 2. c4 c6 3. Nc3 Nf6 4. e3 e6 5. Qc2 Nbd7 6. Nf3 Bd6 7. Bd3 O-O 8. O-O
dxc4 9. Bxc4 a6 10. Bd3 c5 11. Ne4 Nxe4 12. Bxe4 h6 13. Rd1 Qc7 14. b3 cxd4 15.
Qxc7 Bxc7 16. Rxd4 Nf6 17. Ba3 Rd8 18. Rxd8+ Bxd8 19. Rd1 Bc7 20. Nd2 Nxe4 21.
Nxe4 b6 22. Nd6 Bxd6 23. Rxd6 b5 24. Rd8+ Kh7 25. Bb2 Kg6 26. h4 h5 27. Rg8 f6
28. Re8 Kf7 29. Rd8 a5 30. f3 e5 31. f4 exf4 32. exf4 Kg6 33. Bc3 a4 1/2-1/2

[Event "Bundesliga 9900"]
[Site "Deutschland"]
[Date "2000.03.12"]
[Round "12.3"]
[White "Smejkal, Jan"]
[Black "Kengis, Edvins"]
[Result "1/2-1/2"]
[WhiteElo "2526"]
[BlackElo "2574"]
[PlyCount "45"]
[EventDate "1999.10.09"]
[EventType "team"]
[EventRounds "15"]
[EventCountry "GER"]
[SourceTitle "Bundesliga 9900"]
[Source "DeepChess"]
[SourceDate "2005.01.01"]
[SourceVersion "1"]
[SourceVersionDate "2005.01.01"]
[SourceQuality "1"]
[WhiteTeam "SK Passau 1869"]
[BlackTeam "Godesberger SK 1929"]
[WhiteTeamCountry "GER"]
[BlackTeamCountry "GER"]

1. c4 b6 2. Nc3 Bb7 3. e4 e6 4. g3 f5 5. Bg2 Nf6 6. d3 fxe4 7. Nge2 Nc6 8. Nxe4
Nxe4 9. Bxe4 Bb4+ 10. Bd2 Bxd2+ 11. Qxd2 O-O 12. O-O Qf6 13. Rad1 Rad8 14. Qc3
Na5 15. Bxb7 Nxb7 16. Qxf6 Rxf6 17. d4 Nd6 18. b3 Rf3 19. Kg2 Rdf8 20. Nf4 Rc3
21. Rc1 Rxc1 22. Rxc1 Nf5 23. Ne2 1/2-1/2

[Event "Bundesliga 9900"]
[Site "Deutschland"]
[Date "2000.03.12"]
[Round "12.4"]
[White "David, Alberto"]
[Black "Enders, Peter"]
[Result "0-1"]
[WhiteElo "2520"]
[BlackElo "2478"]
[PlyCount "68"]
[EventDate "1999.10.09"]
[EventType "team"]
[EventRounds "15"]
[EventCountry "GER"]
[SourceTitle "Bundesliga 9900"]
[Source "DeepChess"]
[SourceDate "2005.01.01"]
[SourceVersion "1"]
[SourceVersionDate "2005.01.01"]
[SourceQuality "1"]
[WhiteTeam "Godesberger SK 1929"]
[BlackTeam "SK Passau 1869"]
[WhiteTeamCountry "GER"]
[BlackTeamCountry "GER"]

1. e4 e6 2. d4 d5 3. Nc3 Bb4 4. e5 Ne7 5. a3 Bxc3+ 6. bxc3 c5 7. Qg4 O-O 8. Bd3
Nbc6 9. Qh5 Ng6 10. Nf3 Qc7 11. Be3 c4 12. Bxg6 fxg6 13. Qg4 Bd7 14. h4 Rf5 15.
Ng5 Raf8 16. Qe2 h6 17. Nh3 Qd8 18. g3 b5 19. Qd2 Qe7 20. Ke2 a5 21. Rh2 Rb8
22. g4 Rff8 23. Nf4 Be8 24. h5 g5 25. Nh3 b4 26. f4 gxf4 27. Nxf4 Qg5 28. Kf3
bxc3 29. Qxc3 Ne7 30. Rg1 Bg6 31. Ke2 Rxf4 32. hxg6 Re4 33. Kd2 Qxg6 34. Qxa5
Rxe3 0-1

[Event "Bundesliga 9900"]
[Site "Deutschland"]
[Date "2000.03.12"]
[Round "12.5"]
[White "Stangl, Markus"]
[Black "Kveinys, Aloyzas"]
[Result "1-0"]
[WhiteElo "2488"]
[BlackElo "2496"]
[PlyCount "47"]
[EventDate "1999.10.09"]
[EventType "team"]
[EventRounds "15"]
[EventCountry "GER"]
[SourceTitle "Bundesliga 9900"]
[Source "DeepChess"]
[SourceDate "2005.01.01"]
[SourceVersion "1"]
[SourceVersionDate "2005.01.01"]
[SourceQuality "1"]
[WhiteTeam "SK Passau 1869"]
[BlackTeam "Godesberger SK 1929"]
[WhiteTeamCountry "GER"]
[BlackTeamCountry "GER"]

1. c4 g6 2. Nf3 Bg7 3. d4 d6 4. g3 Nf6 5. Bg2 O-O 6. O-O Nbd7 7. Nc3 e5 8. e4
c6 9. h3 a5 10. Re1 Re8 11. Be3 exd4 12. Nxd4 a4 13. Qc2 Qa5 14. Rad1 Qb4 15.
b3 Nc5 16. Bf4 axb3 17. axb3 Nfd7 18. Bxd6 Bxd4 19. Rxd4 Qxb3 20. Qd2 Qb6 21.
Qh6 Ne5 22. Red1 f6 23. Kh2 Ne6 24. Bxe5 1-0

[Event "Bundesliga 9900"]
[Site "Deutschland"]
[Date "2000.03.12"]
[Round "12.7"]
[White "Renner, Christoph"]
[Black "Jackelen, Thomas"]
[Result "1/2-1/2"]
[WhiteElo "2442"]
[BlackElo "2368"]
[PlyCount "152"]
[EventDate "1999.10.09"]
[EventType "team"]
[EventRounds "15"]
[EventCountry "GER"]
[SourceTitle "Bundesliga 9900"]
[Source "DeepChess"]
[SourceDate "2005.01.01"]
[SourceVersion "1"]
[SourceVersionDate "2005.01.01"]
[SourceQuality "1"]
[WhiteTeam "SK Passau 1869"]
[BlackTeam "Godesberger SK 1929"]
[WhiteTeamCountry "GER"]
[BlackTeamCountry "GER"]

1. e4 d5 2. exd5 Qxd5 3. Nc3 Qa5 4. Nf3 Nf6 5. g3 g6 6. Bg2 Bg7 7. O-O O-O 8.
Re1 Nc6 9. h3 e5 10. a3 Re8 11. d3 Qc5 12. Be3 Qd6 13. d4 exd4 14. Nxd4 Nxd4
15. Qxd4 Qxd4 16. Bxd4 Bf5 17. Bxb7 Rab8 18. Bc6 Red8 19. Bxa7 Rxb2 20. Rad1
Rxd1 21. Rxd1 h5 22. Nb5 Bxh3 23. c4 Rc2 24. Nxc7 Rxc4 25. Nd5 Ng4 26. Bb5 Re4
27. f3 Re5 28. fxg4 Bxg4 29. Rd2 Be6 30. Bc6 Re1+ 31. Kf2 Ra1 32. a4 g5 33. Bb6
h4 34. gxh4 gxh4 35. a5 h3 36. Bc7 Kh7 37. Nf4 Bf5 38. Ne2 h2 39. Bxh2 Rxa5 40.
Ng3 Bg6 41. Bd5 Bh6 42. Rd4 Bg7 43. Rh4+ Kg8 44. Bc4 Be5 45. Bg1 Kf8 46. Kg2
Bf6 47. Rf4 Kg7 48. Bf2 Rg5 49. Be2 Ra5 50. Bg4 Be5 51. Nf5+ Kh7 52. Rc4 Bf6
53. Bc5 Ra2+ 54. Kf3 Rb2 55. Kf4 Rb1 56. Ng3 Re1 57. Bf2 Be5+ 58. Kf3 Rb1 59.
Nf5 Rb3+ 60. Kg2 Rb2 61. Ra4 Bf6 62. Ra6 Be5 63. Kf3 Rb3+ 64. Be3 Rb4 65. Ra5
Bf6 66. Ra2 Rb3 67. Kf2 Rb5 68. Nd4 Rb4 69. Rd2 Ra4 70. Bd1 Ra3 71. Nf3 Kg7 72.
Be2 Be4 73. Bf4 Ra4 74. Ne5 Bf5 75. Bg3 Bh4 76. Bxh4 Rxh4 1/2-1/2

[Event "Bundesliga 9900"]
[Site "Deutschland"]
[Date "2000.03.12"]
[Round "12.5"]
[White "Hector, Jonny"]
[Black "Espig, Lutz"]
[Result "1/2-1/2"]
[WhiteElo "2515"]
[BlackElo "2402"]
[PlyCount "134"]
[EventDate "1999.10.09"]
[EventType "team"]
[EventRounds "15"]
[EventCountry "GER"]
[SourceTitle "Bundesliga 9900"]
[Source "DeepChess"]
[SourceDate "2005.01.01"]
[SourceVersion "1"]
[SourceVersionDate "2005.01.01"]
[SourceQuality "1"]
[WhiteTeam "Luebecker SV von 1873 "]
[BlackTeam "SK Koenig Plauen"]
[WhiteTeamCountry "GER"]
[BlackTeamCountry "GER"]

1. e4 c5 2. Nf3 e6 3. d4 cxd4 4. Nxd4 a6 5. Nc3 Qc7 6. Bd3 Nc6 7. Be3 Nf6 8.
O-O Ne5 9. Nf3 d6 10. Nxe5 dxe5 11. a4 b6 12. Nb1 Bb7 13. Nd2 Bc5 14. Bxc5 Qxc5
15. Ra3 O-O 16. Qe2 Rfc8 17. Rd1 h6 18. Rc3 Qe7 19. Rb3 Rc6 20. Bc4 Qc7 21. Rg3
Rd6 22. Bd3 Rd4 23. b3 Rad8 24. Rf1 a5 25. h3 Ba6 26. Qf3 Kf8 27. Bxa6 Rxd2 28.
Bd3 Qc5 29. Rb1 Rd6 30. Qe3 Nh5 31. Qxd2 Nxg3 32. b4 axb4 33. Qxb4 Qxb4 34.
Rxb4 Nh5 35. g3 Nf6 36. Rb5 Nd7 37. a5 bxa5 38. Rxa5 Rc6 39. Kf1 Rc7 40. f3 Ke7
41. Ke1 h5 42. h4 g6 43. Kd2 Nc5 44. Bb5 f5 45. Ke3 Kf6 46. Ra8 Nb7 47. Ra7
Rc3+ 48. Kd2 Nd6 49. Bd3 Rc6 50. Rd7 g5 51. hxg5+ Kxg5 52. Rg7+ Kf6 53. Rh7 Kg6
54. Rh8 Nf7 55. Re8 Kf6 56. Ke3 Nd6 57. Rh8 Kg6 58. Rb8 Kf6 59. Rb4 Rc7 60. Ra4
Rc6 61. Ra7 Nc4+ 62. Ke2 f4 63. gxf4 exf4 64. Rh7 Kg5 65. Rg7+ Kf6 66. Rh7 Kg5
67. Rg7+ Kf6 1/2-1/2

[Event "Bundesliga 9900"]
[Site "Deutschland"]
[Date "2000.03.12"]
[Round "12.6"]
[White "Schaller, Sven"]
[Black "Kalinitschew, Sergey"]
[Result "1/2-1/2"]
[WhiteElo "2308"]
[BlackElo "2504"]
[PlyCount "131"]
[EventDate "1999.10.09"]
[EventType "team"]
[EventRounds "15"]
[EventCountry "GER"]
[SourceTitle "Bundesliga 9900"]
[Source "DeepChess"]
[SourceDate "2005.01.01"]
[SourceVersion "1"]
[SourceVersionDate "2005.01.01"]
[SourceQuality "1"]
[WhiteTeam "SK Koenig Plauen"]
[BlackTeam "Luebecker SV von 1873 "]
[WhiteTeamCountry "GER"]
[BlackTeamCountry "GER"]

1. Nf3 d5 2. c4 d4 3. e3 Nc6 4. exd4 Nxd4 5. Nxd4 Qxd4 6. Be2 e5 7. Nc3 c6 8.
d3 Ne7 9. Be3 Qd6 10. Ne4 Qd8 11. Ng3 Nf5 12. Nxf5 Bb4+ 13. Bd2 Bxd2+ 14. Qxd2
Bxf5 15. O-O O-O 16. Rad1 Qd4 17. Qb4 Rab8 18. Rfe1 Rfd8 19. Qb3 Rd7 20. Bf3
Rbd8 21. h3 h6 22. Bg4 Bxg4 23. hxg4 f6 24. Re4 Qb6 25. Qc2 Rd4 26. b3 Qc5 27.
Kf1 R4d7 28. Qe2 Rd4 29. Qc2 Kf7 30. Qe2 Qd6 31. Re3 e4 32. Rxe4 Rxe4 33. Qxe4
Re8 34. Qf3 Qd4 35. g3 a5 36. Kg2 Re5 37. Rd2 Rg5 38. Qf4 Qxf4 39. gxf4 Rxg4+
40. Kf3 Rg1 41. d4 h5 42. d5 h4 43. dxc6 bxc6 44. Rd8 h3 45. Rh8 Ra1 46. Rxh3
Rxa2 47. f5 a4 48. bxa4 Rxa4 49. Rh4 Ra5 50. Rf4 Ke7 51. Kg4 Kd6 52. Rd4+ Kc5
53. Rd7 Kxc4 54. Rxg7 c5 55. Re7 Ra8 56. Re6 Rg8+ 57. Kf4 Rf8 58. Ke4 Rf7 59.
Rc6 Kb5 60. Rd6 Kc4 61. Rc6 Rf8 62. Rd6 Re8+ 63. Re6 Rf8 64. Rd6 Rf7 65. Rc6
Kb5 66. Rd6 1/2-1/2

[Event "Bundesliga 9900"]
[Site "Deutschland"]
[Date "2000.03.12"]
[Round "12.7"]
[White "Lau, Ralf"]
[Black "Sandner, Gunter"]
[Result "1/2-1/2"]
[WhiteElo "2527"]
[BlackElo "2361"]
[PlyCount "72"]
[EventDate "1999.10.09"]
[EventType "team"]
[EventRounds "15"]
[EventCountry "GER"]
[SourceTitle "Bundesliga 9900"]
[Source "DeepChess"]
[SourceDate "2005.01.01"]
[SourceVersion "1"]
[SourceVersionDate "2005.01.01"]
[SourceQuality "1"]
[WhiteTeam "Luebecker SV von 1873 "]
[BlackTeam "SK Koenig Plauen"]
[WhiteTeamCountry "GER"]
[BlackTeamCountry "GER"]

1. e4 c5 2. Nf3 Nc6 3. d4 cxd4 4. Nxd4 Nf6 5. Nc3 e5 6. Ndb5 d6 7. Bg5 a6 8.
Na3 b5 9. Nd5 Be7 10. Bxf6 Bxf6 11. g3 O-O 12. Bg2 Bb7 13. O-O Nb8 14. c4 Nc6
15. cxb5 Nd4 16. bxa6 Bxd5 17. exd5 Rxa6 18. Nc4 Qc7 19. Qd3 Qa7 20. a3 Be7 21.
b4 f5 22. Rab1 e4 23. Qe3 Nb5 24. Qxa7 Rxa7 25. Rb3 Ra4 26. Rd1 Bf6 27. Bf1 Rd8
28. Kg2 g6 29. Rd2 Rb8 30. Be2 Bg5 31. Ra2 Bf6 32. Bd1 Ra6 33. Rd2 Bg5 34. Ra2
Bf6 35. Rd2 Bg5 36. Ra2 Bf6 1/2-1/2

[Event "Bundesliga 9900"]
[Site "Deutschland"]
[Date "2000.03.12"]
[Round "12.8"]
[White "Kuraszkiewicz, Michael"]
[Black "Cladouras, Panagiotis"]
[Result "0-1"]
[WhiteElo "2337"]
[BlackElo "2339"]
[PlyCount "151"]
[EventDate "1999.10.09"]
[EventType "team"]
[EventRounds "15"]
[EventCountry "GER"]
[SourceTitle "Bundesliga 9900"]
[Source "DeepChess"]
[SourceDate "2005.01.01"]
[SourceVersion "1"]
[SourceVersionDate "2005.01.01"]
[SourceQuality "1"]
[WhiteTeam "SK Koenig Plauen"]
[BlackTeam "Luebecker SV von 1873 "]
[WhiteTeamCountry "GER"]
[BlackTeamCountry "GER"]

1. d4 Nf6 2. c4 e6 3. Nf3 Bb4+ 4. Bd2 Qe7 5. g3 Nc6 6. Nc3 d5 7. Bg2 dxc4 8.
O-O O-O 9. Qc2 Rd8 10. a3 Ba5 11. Qa4 Bb6 12. Rad1 Na5 13. e4 Bd7 14. Qc2 h6
15. h3 Nb3 16. Be3 c5 17. d5 e5 18. Nd2 Nd4 19. Qb1 Ba5 20. Kh2 b5 21. f4 Bc7
22. Nf3 Nxf3+ 23. Bxf3 b4 24. Ne2 Bb5 25. Rf2 a5 26. f5 Rab8 27. Qc1 Ne8 28. g4
Bb6 29. Rg1 c3 30. bxc3 Bxe2 31. Rxe2 c4 32. cxb4 Bxe3 33. Rxe3 axb4 34. axb4
Rxb4 35. Rc3 Qc5 36. Rg2 Rdb8 37. Rgc2 Rb1 38. Qe3 Qxe3 39. Rxe3 Nd6 40. Kg2
Kf8 41. Rec3 Re1 42. Be2 Rbb1 43. h4 Rg1+ 44. Kf3 Rh1 45. Bxc4 Rh3+ 46. Kg2
Rxc3 47. Rxc3 Nxe4 48. Ra3 Rb2+ 49. Kh3 Nd6 50. Ra8+ Ke7 51. Ra7+ Rb7 52. Rxb7+
Nxb7 53. g5 hxg5 54. hxg5 Kd6 55. Kg4 Kc5 56. Ba2 Nd6 57. f6 gxf6 58. gxf6 Kd4
59. Bb3 Ke3 60. Bc2 Kd4 61. Bb3 Kc3 62. Bd1 Kc4 63. Bf3 Kd4 64. Bd1 Kxd5 65.
Kg5 e4 66. Kf4 Ke6 67. Bc2 Kxf6 68. Bb1 Kg6 69. Ba2 Kf6 70. Bb3 Ke7 71. Bc2 f5
72. Ke5 Kd7 73. Bd1 Kc6 74. Kd4 f4 75. Bc2 e3 76. Bd1 0-1

[Event "Bundesliga 9900"]
[Site "Deutschland"]
[Date "2000.03.12"]
[Round "12.1"]
[White "Epishin, Vladimir"]
[Black "Movsesian, Sergei"]
[Result "0-1"]
[WhiteElo "2667"]
[BlackElo "2668"]
[PlyCount "73"]
[EventDate "1999.10.09"]
[EventType "team"]
[EventRounds "15"]
[EventCountry "GER"]
[SourceTitle "Bundesliga 9900"]
[Source "DeepChess"]
[SourceDate "2005.01.01"]
[SourceVersion "1"]
[SourceVersionDate "2005.01.01"]
[SourceQuality "1"]
[WhiteTeam "PSV Turm Duisburg 1920 e.V."]
[BlackTeam "SF Neukoelln 03 e.V."]
[WhiteTeamCountry "GER"]
[BlackTeamCountry "GER"]

1. d4 Nf6 2. c4 g6 3. g3 Bg7 4. Bg2 O-O 5. Nc3 d6 6. Nf3 Nbd7 7. O-O e5 8. e4
c6 9. Rb1 Re8 10. h3 exd4 11. Nxd4 Nc5 12. Re1 a5 13. b3 Qe7 14. Re2 h5 15. Bg5
Qc7 16. Qc2 a4 17. Rd2 axb3 18. axb3 Qb6 19. b4 Ncd7 20. Be3 Qc7 21. Ndb5 cxb5
22. Nxb5 Qb8 23. Nxd6 Re6 24. c5 Ne8 25. Nxc8 Qxc8 26. Rbd1 Re7 27. b5 Ne5 28.
Rd8 Qxd8 29. Rxd8 Rxd8 30. f4 Bh6 31. c6 bxc6 32. Bc5 Re6 33. fxe5 cxb5 34. Bb4
Rxe5 35. Bf1 Rd4 36. Bc3 Rc5 37. Bd3 $138 0-1

[Event "Bundesliga 9900"]
[Site "Deutschland"]
[Date "2000.03.12"]
[Round "12.2"]
[White "Bunzmann, Dimitrij"]
[Black "Nevednichy, Vladislav"]
[Result "1/2-1/2"]
[WhiteElo "2502"]
[BlackElo "2589"]
[PlyCount "57"]
[EventDate "1999.10.09"]
[EventType "team"]
[EventRounds "15"]
[EventCountry "GER"]
[SourceTitle "Bundesliga 9900"]
[Source "DeepChess"]
[SourceDate "2005.01.01"]
[SourceVersion "1"]
[SourceVersionDate "2005.01.01"]
[SourceQuality "1"]
[WhiteTeam "SF Neukoelln 03 e.V."]
[BlackTeam "PSV Turm Duisburg 1920 e.V."]
[WhiteTeamCountry "GER"]
[BlackTeamCountry "GER"]

1. d4 Nf6 2. c4 g6 3. Nc3 Bg7 4. e4 d6 5. Nf3 O-O 6. Be2 e5 7. O-O Nc6 8. d5
Ne7 9. b4 Nh5 10. Re1 c6 11. a4 cxd5 12. cxd5 Nf4 13. Bf1 Bg4 14. h3 Bd7 15.
Ra3 h6 16. Kh2 g5 17. g3 Nxh3 18. Bxh3 Bxh3 19. Kxh3 g4+ 20. Kg2 gxf3+ 21. Qxf3
f5 22. exf5 Nxf5 23. Qe2 Qd7 24. Qh5 Nd4 25. Rh1 Rf5 26. Qg6 Rf6 27. Qh5 Rf5
28. Qg6 Rf6 29. Qh5 1/2-1/2

[Event "Bundesliga 9900"]
[Site "Deutschland"]
[Date "2000.03.12"]
[Round "12.4"]
[White "Berndt, Stephan"]
[Black "Thesing, Matthias"]
[Result "1-0"]
[WhiteElo "2500"]
[BlackElo "2444"]
[PlyCount "89"]
[EventDate "1999.10.09"]
[EventType "team"]
[EventRounds "15"]
[EventCountry "GER"]
[SourceTitle "Bundesliga 9900"]
[Source "DeepChess"]
[SourceDate "2005.01.01"]
[SourceVersion "1"]
[SourceVersionDate "2005.01.01"]
[SourceQuality "1"]
[WhiteTeam "SF Neukoelln 03 e.V."]
[BlackTeam "PSV Turm Duisburg 1920 e.V."]
[WhiteTeamCountry "GER"]
[BlackTeamCountry "GER"]

1. e4 c5 2. Nf3 e6 3. d4 cxd4 4. Nxd4 a6 5. Bd3 Nf6 6. O-O d6 7. Qe2 Qb6 8. Be3
Qc7 9. c4 Nbd7 10. Nc3 Ne5 11. h3 Be7 12. f4 Nxd3 13. Qxd3 Nd7 14. Rac1 O-O 15.
Qe2 Re8 16. b3 Bf8 17. Qf2 Be7 18. Qg3 Kh8 19. Kh1 Bf6 20. f5 Ne5 21. Bg5 Bxg5
22. Qxg5 Qd8 23. Qg3 exf5 24. exf5 Bd7 25. Rcd1 f6 26. Rd2 Qa5 27. Rfd1 Nf7 28.
Nd5 Re4 29. b4 Qd8 30. Nf4 Qe7 31. Nfe6 Ng5 32. Re1 Rxe1+ 33. Qxe1 Nf7 34. Qe4
Be8 35. c5 dxc5 36. bxc5 Ne5 37. Rb2 Bc6 38. Nxc6 bxc6 39. Rb6 Qd7 40. Qb1 Rg8
41. Rb8 Qa7 42. Rb7 Qa8 43. Qb6 Qe8 44. g4 Nf3 45. Qa7 1-0

[Event "Bundesliga 9900"]
[Site "Deutschland"]
[Date "2000.03.12"]
[Round "12.5"]
[White "Machelett, Heiko"]
[Black "Brynell, Stellan"]
[Result "0-1"]
[WhiteElo "2387"]
[BlackElo "2494"]
[PlyCount "62"]
[EventDate "1999.10.09"]
[EventType "team"]
[EventRounds "15"]
[EventCountry "GER"]
[SourceTitle "Bundesliga 9900"]
[Source "DeepChess"]
[SourceDate "2005.01.01"]
[SourceVersion "1"]
[SourceVersionDate "2005.01.01"]
[SourceQuality "1"]
[WhiteTeam "PSV Turm Duisburg 1920 e.V."]
[BlackTeam "SF Neukoelln 03 e.V."]
[WhiteTeamCountry "GER"]
[BlackTeamCountry "GER"]

1. d4 d5 2. c4 Nc6 3. cxd5 Qxd5 4. e3 e5 5. Nc3 Bb4 6. Bd2 Bxc3 7. bxc3 Nf6 8.
Nf3 Bg4 9. Be2 e4 10. Ng1 Bxe2 11. Nxe2 O-O 12. O-O Na5 13. Nf4 Qc6 14. Qc2 Nc4
15. Rfd1 Rfe8 16. Be1 Nd5 17. Nxd5 Qxd5 18. a4 Re6 19. Rdb1 a6 20. Rb4 b6 21.
Qe2 Rc6 22. Rc1 Re8 23. Rc2 Ree6 24. Bd2 Rg6 25. Bc1 h5 26. Qe1 Qf5 27. Qe2
Rxg2+ 28. Kxg2 Rg6+ 29. Kh1 Qh3 30. f4 exf3 31. Qf2 Nd6 0-1